Paroles rap fr n°1 - Statistiques

Statistiques générales
  • Ce quiz a été pris 586 fois
  • Le résultat moyen est 5 sur 15
Statistiques - réponses
Hint Réponse % Correct
Pour une seule bonne raison, après
avoir fait l'tour du monde, tout c'qu'on veut
c'est être à la maison
La terre est ronde
85%
Un peu d'bleu dans mon feu, un peu d'rouge
dans mes yeux
Placebo
69%
La rue m'a rendu fou, je suis fou d'elle, je n'ai d'yeux
que pour elle
Tombé pour elle
45%
Pétasse, la vie qu'on mène, un putain de phénomène Fum22 nocive
34%
Pense à toi dans mes rêves pourtant j'suis éveillé, va falloir qu'on en parle Sors de ma tête
31%
Je sais que j'tai fait beaucoup de pein baby, mais je t'aime baby Lalla
30%
Je crois que je t'aime encore, mais j'ai préféré d'autre robe pour un peu
de hardcore
Carcan de cuir
23%
J'sais pas pourquoi c'est un tue-l'amour, de dire "je t'aime" le premier jour BPM
22%
J'suis pas prêt pour la mort, même le rrain-té me fait des rappels, il me crie
"ouais prépare toi"
Mama
20%
Elle m'a dit qu'elle m'aime, j'lui ai dit qu'ça lui passera Demain n'existe plus
19%
J'ai des démons, des anges qui volent au-dessus de ma tête,
j'ai plein de problèmes mais rien que j'peux pas surmonter
Fallen angels
18%
Oublie moi, oublie moi dès mainteant, efface moi, efface moi
d'on répertoire, me rappelle pas
Ciné club
17%
Ma nouvelle copine n'est là que pour me rappeler
que j'pourrais jamais vraiment remplacer l'ancienne
J'attendais
16%
C'est moi qui l'ai quitté mais j'ai mal comme si c'était elle qui l'avait fait,
parfois j'regrette mais c'est trop tard le mal est fait
Brûle dans le silence
15%
Tes beaux cheveux au vent, ça mé rappelle avant, quand on s'aimait
vraiment, quand j'avais peur de te perdre
Wish I was special
11%
Aucun quiz correspondant
Distribution des résultats
% des personnes avec chaque résultat
Percentile par nombre de réponses
Votre historique - résultats
Vous n’avez pas pris ce quiz